Sindicância investigatória : (Record no. 961)

MARC details
000 -LÍDER
Campo Fixo de Controle 01029nam a2200265 a 4500
001 - NÚMERO DE CONTROLE
Campo de Controle 961
003 - IDENTIFICAÇÃO DO NÚMERO DE CONTROLE
Campo de Controle BR-CuiBMT
005 - DATA E HORA DA ÚLTIMA ATUALIZAÇÃO
Campo de Controle 20231123233214.0
008 - DADOS FIXOS
Dados Fixos 231123s2005 dfba 000 0 por d
020 ## - INTERNATIONAL STANDARD BOOK NUMBER
Nº do ISBN 8574692646
040 ## - AGÊNCIA CATALOGADORA
Código da Agência Catalogadora BR-CuiBMT
Agência que transcreveu o registro BR-CuiBMT
080 ## - Nº DA CLASSIFICAÇÃO DECIMAL UNIVERSAL
Nº edição CDU 2007
Nº Class. CDU 35.077.3
090 ## - NÚMERO DE CHAMADA
Nº classificação 35.077.3
Cutter A474s
100 1# - ENTRADA PRINCIPAL -- AUTOR PESSOAL
Nome pessoal Alves, Léo da Silva
245 10 - TÍTULO PRINCIPAL
Título principal Sindicância investigatória :
Subtítulo a técnica de apuração de irregularidades em torno do serviço público /
Indicação de responsabilidade Léo da Silva Alves.
260 ## - PUBLICAÇÃO, DISTRIBUIÇÃO, ETC.
Local de publicação Brasília :
Editora Brasília Jurídica,
Data 2005.
300 ## - DESCRIÇÃO FÍSICA
N. páginas ou volumes 143 p. :
Ilustrações il. ;
Dimensões 21 cm
500 ## - NOTAS GERAIS
Notas gerais Trabalho produzido por especialista que treina quadros do Governo Federal, do Congresso Nacional, dos Tribunais Superiores e das principais Corregedorias do país.
505 ## - NOTA DE CONTEÚDO
Nota de conteúdo Inclui bibliografia.
650 ## - ASSUNTO TÓPICO
Cabeçalho tópico ou nome geográfico Sindicância administrativa
Subdivisão geográfica Brasil
650 ## - ASSUNTO TÓPICO
Cabeçalho tópico ou nome geográfico Inquérito administrativo
Subdivisão geográfica Brasil
650 ## - ASSUNTO TÓPICO
Cabeçalho tópico ou nome geográfico Processo disciplinar
Subdivisão geográfica Brasil
650 ## - ASSUNTO TÓPICO
Cabeçalho tópico ou nome geográfico Serviço público
Subdivisão geral Afastamento
Subdivisão geográfica Brasil
942 ## - ELEMENTOS DE ENTRADA ADICIONAIS (KOHA)
Fonte de classificação ou esquema de arquivamento Classificação Decimal Universal
Tipo de item do Koha Livros
Holdings
Estado: removido Estado: perdido Fonte de classificação ou esquema de arquivamento Estado: danificado Indisponível para empréstimo Localização permanente Localização atual Data de aquisição Total Checkouts Número de Chamada completo Código de barras Date last seen Número do exemplar Preço efetivo a partir de Tipo de item (Koha)
    Classificação Decimal Universal     Biblioteca da Escola Superior de Contas do TCE/MT Biblioteca da Escola Superior de Contas do TCE/MT 23/11/2023   35.077.3 A747s BIBTCEMT23111025 23/11/2023 Ex. 1 23/11/2023 Livros
    Classificação Decimal Universal     Biblioteca da Escola Superior de Contas do TCE/MT Biblioteca da Escola Superior de Contas do TCE/MT 27/11/2023   35.077.3 A747s BIBTCEMT23111140 27/11/2023 Ex. 2 27/11/2023 Livros

Powered by Koha